Normal view
MARC view
- Martínez Vicente, Marta
Entry Nombre Personal
001 - NUMERO DE CONTROL
- campo de control: 49743
003 - IDENTIFICADOR DE NUMERO DE CONTROL
- campo de control: UPN
005 - FECHA Y HORA DE LA ÜLTIMA TRANSACCIÓN
- campo de control: 20230816110934.0
008 - DATOS DE LONGITUD FIJA
- campo de control de longitud fija: 230816|| acn||aabn | a|a d
024 7# - OTROS IDENTIFICADORES NORMALIZADOS
- Fuente: orcid
- Número normalizado o código: https://orcid.org/0000-0002-6601-9674
040 ## - FUENTE DE CATALOGACIÓN
- Agencia original de catalogación: MX-MxUPN
100 ## - ENCABEZAMIENTO - NOMBRE PERSONAL
- Nombre personal: Martínez Vicente, Marta
370 ## - LUGAR ASOCIADO
- Associated country: España
371 ## - DIRECCIÓN
- Electronic mail address: mmv3619@hotmail.com
372 ## - CAMPO DE ACTIVIDAD
- Field of activity: Neurociencia y educación
- Field of activity: Tecnologías de la información y la educación.
373 ## - GRUPO ASOCIADO
- Associated group: Universidad Isabel I
- Associated group: Grupo de investigación: Neuropsicología: uso de las TIC como medio de trabajo en educación emocional, conducta humana y alteraciones del desarrollo"
374 ## - OCUPACIÓN
- Occupation: Profesora - investigadora universitaria
670 ## - FUENTE EN LA QUE SE LOCALIZARON DATOS
- Cita de la fuente: En recurso en línea: Revista complutense de educación. Vol. 34, no. 2 (2023) p. 301
- Información localizada: (Marta Martínez Vicente)
- Uniform Resource Identifier: https://revistas.ucm.es/index.php/RCED/article/view/77338/4564456563816
902 ## - CATALOGADOR
- Catalogador: Leonor Sotres/160823
